Wird geladen...

Tamilaga literacy movements of 20 th century – A study /

Bibliographische Detailangaben
1. Verfasser: Anadhi , G.
Format: Ph.D Thesis
Sprache:English
Veröffentlicht: 2009.
Schlagworte:
LEADER 00672nam a2200169Ia 4500
008 151104b xxu||||| m||| 00| 0 eng d
082 |a 894.81171ANA/T 
100 |a Anadhi , G. 
245 |a Tamilaga literacy movements of 20 th century – A study /  |c by G Anadhi 
260 |c 2009. 
502 |a Thesis (Ph.D.)-- Department of Tamil, University of Calicut, 2009. 
504 |a Includes bibliographical references. 
653 |a Tamil Literature 
796 |a Ganapalam, N.  |b Thesis advisor.  |c Dr. 
942 |c TH 
999 |c 111027  |d 111027 
952 |0 0  |1 0  |4 0  |6 894_000000000000000_81171ANA_T  |7 0  |9 115412  |a UL  |b UL  |c REF  |d 2015-11-09  |l 0  |o 894.81171ANA/T  |p NB5945  |r 2015-11-09  |w 2015-11-09  |y TH  |z 1884